| 000 | 00646cam a2200217 4500500 | ||
|---|---|---|---|
| 005 | 20260329001657.0 | ||
| 041 | _afre | ||
| 042 | _adc | ||
| 100 | 1 | 0 |
_aLegros, Martin _eauthor |
| 245 | 0 | 0 | _aMarcela Iacub, Marcel Hénaff. Qu’est-ce qui n’a pas de prix ? |
| 260 | _c2008. | ||
| 500 | _a64 | ||
| 690 | _aArgent | ||
| 690 | _aCorps | ||
| 690 | _aDon | ||
| 690 | _aJustice | ||
| 690 | _aMarcel Hénaff | ||
| 690 | _aMarcela Iacub | ||
| 786 | 0 | _nPhilosophie magazine | 23 | 10 | 2008-10-01 | p. 13-14 | 1951-1787 | |
| 856 | 4 | 1 | _uhttps://shs.cairn.info/magazine-philosophie-magazine-2008-10-page-13?lang=fr&redirect-ssocas=7080 |
| 999 |
_c1807611 _d1807611 |
||